000 00890nam0a22002771 4500
001 RU\NLR\INFOCOMM_190\5000067384
005 20250613095135.0
035 _a(NLR Aleph) 009286646
090 _a9194372
_c9194372
100 _a20100923d1976 |||y0rusy50 ca
101 1 _aeng
102 _aRU
105 _ay ||||000|y
200 1 _aˆThe ‰Bakunists at work
_eReview of the uprising in Spain in the summer of 1873
_fF. Engels
_g[Transl. by Bryan Bean]
205 _a[2d print.]
210 _aΜ.
_c"Progress"
_d1976
215 _a30 с.
_d20 см
300 _aПеревод загл.: Бакунисты за работой
541 1 _aБакунисты за работой
_zrus
686 _aА146
_2rubbk
700 1 _aEngels
_bF.
_f1820-1895
_gFriedrich
_4070
801 1 _aRU
_bNLR
_c20100923
801 0 _aRU
_bNLR
_gPSBO
852 _aNLR
_jМЭ 102-73/2-2
942 _cBOOK
980 _aNB